| 000 | 00000nas##2200000za#4500 |
|---|---|
| 001 | 9.512898 |
| 003 | CaOODSP |
| 005 | 20210507160751 |
| 007 | ta |
| 008 | 150406c1993||||xxc|| m #||||f| |0fre|d |
| 040 | |aCaOODSP|bfre |
| 043 | |an-cn--- |
| 086 | 1 |aCW69-11F |
| 110 | 2 |aService canadien de la faune. |
| 245 | 10|aPlan national de rétablissement / |cPublié par Rétablissement des espèces canadiennes en péril. |
| 260 | |aOttawa - Ontario : |bEnvironnement Canada. |
| 563 | |aCouverture souple |
| 775 | 08|tNational recovery plan / |w(CaOODSP)9.514484 |
| 776 | 0#|tPlan national de rétablissement / |w(CaOODSP)9.501294 |